MAASAI MARA UNIVERSITY

LIBRARY CATALOGUE

Contact Us: +254 020 2685356/7 or 0774 057787

Box: 861-20500, NAROK, KENYA

Email: info@mmarau.ac.ke

_Risk Assessment an Environmental Perspective principles and application (Record no. 5879)

MARC details
000 -LEADER
fixed length control field 00413nam a2200133Ia 4500
008 - FIXED-LENGTH DATA ELEMENTS--GENERAL INFORMATION
fixed length control field 151021s9999 xx 000 0 und d
020 ## - INTERNATIONAL STANDARD BOOK NUMBER
International Standard Book Number 8179924726
050 ## - LIBRARY OF CONGRESS CALL NUMBER
Classification number TD1050.R57L341994
245 ## - TITLE STATEMENT
Title _Risk Assessment an Environmental Perspective principles and application
260 ## - PUBLICATION, DISTRIBUTION, ETC. (IMPRINT)
Place of publication, distribution, etc. India Jaico 1994
300 ## - PHYSICAL DESCRIPTION
Extent xi,248p,; ill.
650 ## - SUBJECT ADDED ENTRY--TOPICAL TERM
Topical term or geographic name as entry element _Environmental Perspective
980 ## - EQUIVALENCE OR CROSS-REFERENCE-SERIES STATEMENT--PERSONAL NAME/TITLE [LOCAL, CANADA]
Personal name ^d20110120 10:50:04^okilerai

No items available.

© 2016 Maasai Mara University.